000
00256nam a2200097Ia 4500
005
20251222114353.0
008
251222s1900||||xx |||||||||||||| ||spa||
082
_a
DVD0097/N53/1985
245
0
_a
Film before film:La película antes de la película
942
_c
DVD
999
_c
1319
_d
1319